<?xml version="1.0" encoding="UTF-8"?>
<record
    xmlns:xsi="http://www.w3.org/2001/XMLSchema-instance"
    xsi:schemaLocation="http://www.loc.gov/MARC21/slim http://www.loc.gov/standards/marcxml/schema/MARC21slim.xsd"
    xmlns="http://www.loc.gov/MARC21/slim">

  <leader>00595nam a22001937a 4500</leader>
  <controlfield tag="003">0</controlfield>
  <controlfield tag="005">20250324100321.0</controlfield>
  <controlfield tag="008">250324b        xxu||||| |||| 00| 0 eng d</controlfield>
  <datafield tag="020" ind1=" " ind2=" ">
    <subfield code="a">978-9-813-31146-6</subfield>
  </datafield>
  <datafield tag="050" ind1=" " ind2=" ">
    <subfield code="a">HF 5681</subfield>
    <subfield code="b">.J83 2023</subfield>
  </datafield>
  <datafield tag="100" ind1=" " ind2=" ">
    <subfield code="a">Juan, Ng Eng </subfield>
  </datafield>
  <datafield tag="245" ind1=" " ind2=" ">
    <subfield code="a">Consolidated financial statements</subfield>
    <subfield code="b">Singapore </subfield>
    <subfield code="c">Ng Eng Juan </subfield>
  </datafield>
  <datafield tag="250" ind1=" " ind2=" ">
    <subfield code="a">Fourth edition </subfield>
  </datafield>
  <datafield tag="260" ind1=" " ind2=" ">
    <subfield code="a">Singapore </subfield>
    <subfield code="b">McGraw-Hill Education (Asia)</subfield>
    <subfield code="c">2023</subfield>
  </datafield>
  <datafield tag="300" ind1=" " ind2=" ">
    <subfield code="a">xix, 748 pages :</subfield>
    <subfield code="b">colored pages and illustrations ; </subfield>
    <subfield code="c">26cm.</subfield>
  </datafield>
  <datafield tag="504" ind1=" " ind2=" ">
    <subfield code="a">Includes index. </subfield>
  </datafield>
  <datafield tag="650" ind1=" " ind2=" ">
    <subfield code="a">Financial statements. </subfield>
  </datafield>
  <datafield tag="942" ind1=" " ind2=" ">
    <subfield code="2">lcc</subfield>
    <subfield code="c">BK</subfield>
  </datafield>
  <datafield tag="999" ind1=" " ind2=" ">
    <subfield code="c">367315</subfield>
    <subfield code="d">367315</subfield>
  </datafield>
  <datafield tag="952" ind1=" " ind2=" ">
    <subfield code="0">0</subfield>
    <subfield code="1">0</subfield>
    <subfield code="2">lcc</subfield>
    <subfield code="4">0</subfield>
    <subfield code="a">CL</subfield>
    <subfield code="b">CL</subfield>
    <subfield code="c">RES</subfield>
    <subfield code="d">2025-03-24</subfield>
    <subfield code="e">Library Fund</subfield>
    <subfield code="l">0</subfield>
    <subfield code="o">HF 5681 .J83 2023</subfield>
    <subfield code="p">C24247</subfield>
    <subfield code="r">2025-03-24 00:00:00</subfield>
    <subfield code="w">2025-03-24</subfield>
    <subfield code="y">BK</subfield>
  </datafield>
  <datafield tag="952" ind1=" " ind2=" ">
    <subfield code="0">0</subfield>
    <subfield code="1">0</subfield>
    <subfield code="2">lcc</subfield>
    <subfield code="4">0</subfield>
    <subfield code="a">CL</subfield>
    <subfield code="b">CL</subfield>
    <subfield code="c">GSL</subfield>
    <subfield code="d">2025-03-26</subfield>
    <subfield code="e">Library Fund</subfield>
    <subfield code="k">GSL</subfield>
    <subfield code="l">0</subfield>
    <subfield code="o">HF 5681 .J83 2023</subfield>
    <subfield code="p">C24302</subfield>
    <subfield code="r">2025-03-26 00:00:00</subfield>
    <subfield code="w">2025-03-26</subfield>
    <subfield code="y">BK</subfield>
  </datafield>
</record>
